[Event "XXVII RUS-chT Premier 2020"]
[Site "Sochi"]
[Date "2020.11.23"]
[Round "5.28"]
[White "Makhmutov, Rail"]
[Black "Sarana, Alexey"]
[Result "1/2-1/2"]
[WhiteElo "2442"]
[BlackElo "2636"]
[Annotator "TA"]
[PlyCount "106"]
[EventDate "2020.11.19"]
[EventType "team-tourn"]
[EventCountry "RUS"]
[SourceTitle "playchess.com"]
[Source "ChessBase"]
[SourceQuality "1"]

{[%evp 24,106,39,13,30,26,34,29,52,48,35,40,158,67,83,41,67,58,68,75,60,62,86,33,42,0,0,0,0,0,0,0,0,0,0,0,7,0,0,0,0,-28,-28,-28,0,0,0,0,0,0,0,0,0,0,2,0,6,0,0,0,0,0,0,0,0,0,0,0,15,4,17,21,20,0,0,0,0,0,0,0,0,0,2,0,36]} 1. d4 Nf6 2. c4 e6 3. Nc3 Bb4 4. e3 c5 5. Nge2 cxd4 6. exd4 O-O 7. a3 Be7 8. Nf4 d5 9. cxd5 Nxd5 10. Ncxd5 exd5 11. Be2 Nc6 12. O-O Bf6 13. Be3 Qd6 {E42: Nimzo-Indian: Rubinstein: 4...c5 5 Ne2.} 14. Qd2 Bf5 15. Rac1 Be4 {[#] White has an edge.} 16. Rc5 $146 ({Predecessor:} 16. Nh5 Rfe8 17. Bb5 Bd8 18. Ng3 Bg6 19. Bf4 Qd7 20. Ba4 Rc8 21. Rc3 a6 22. Rfc1 {½-½ (41) Peyrin,J-Lecuyer,C Dijon 1975}) 16... b6 $1 {[%cal Rb6c5]} 17. Rc3 Rad8 {[#]} (17... Na5 $14) 18. Rfc1 (18. Nh5 $1 $16) 18... Na5 $1 $14 19. f3 Bg6 20. b4 Nc4 $1 {[%cal Rc4d2]} 21. Bxc4 dxc4 22. Rxc4 Rfe8 23. a4 ({White should play} 23. Rc6 $16 Qe7 24. Bf2) 23... Bg5 {[#] And now ...Rxe3! would win.} 24. g3 (24. Nd5 $5 {[%cal Re3g5]} Bxe3+ 25. Nxe3 $14) 24... Bxf4 25. Bxf4 Qd5 26. Kf2 Bf5 27. b5 Bc8 28. Rc7 Bb7 29. R1c3 h6 30. h4 Re6 31. Re3 Rde8 {Strongly threatening ...Rxe3.} 32. Rcc3 Rxe3 33. Rxe3 Rd8 34. Qb4 {The position is equal.} Rc8 {aiming for ...Rc2+.} 35. Qd2 Qc4 36. Qd1 Bd5 37. g4 Be6 38. Kg3 Rd8 39. Rd3 Bd5 40. Re3 Qb4 41. h5 Rc8 42. Re5 Qc4 43. Qd2 Qb3 44. Qf2 Kh7 45. Bd2 Rd8 46. Qe2 Qb1 47. Qe1 Qc2 48. a5 Qd3 49. Qe2 Qxd4 50. Qe3 Qxe3 51. Bxe3 bxa5 52. Bxa7 {Black must now prevent b6.} a4 {White should prevent ...a3.} 53. Bc5 Rd7 {Weighted Error Value: White=0.08/Black=0.08} 1/2-1/2

[Event "XXVII RUS-chT Premier 2020"]
[Site "Sochi"]
[Date "2020.11.23"]
[Round "5.29"]
[White "Popov, Ivan"]
[Black "Samusenko, Maksim"]
[Result "1/2-1/2"]
[WhiteElo "2636"]
[BlackElo "2466"]
[Annotator "TA"]
[PlyCount "59"]
[EventDate "2020.11.19"]
[EventType "team-tourn"]
[EventCountry "RUS"]
[SourceTitle "playchess.com"]
[Source "ChessBase"]
[SourceQuality "1"]

{[%evp 10,59,18,16,22,8,12,18,15,13,15,10,6,0,0,0,0,0,0,0,0,8,27,8,15,0,14,0,0,-17,-29,-19,-13,-18,-11,-21,-6,-66,-69,-67,-60,-64,-33,-172,-129,-127,0,-126,0,-128,0,-114]} 1. e4 c5 2. Nc3 Nc6 3. Bb5 Nd4 4. Nf3 Nxb5 5. Nxb5 d6 6. d4 Nf6 {B23: Closed Sicilian: Lines without g3.} 7. Nc3 cxd4 8. Qxd4 e5 9. Qd3 h6 10. O-O Be6 11. Rd1 a6 {[#]} 12. h3 $146 ({Predecessor:} 12. a4 Be7 13. Nd2 Rc8 14. Nf1 Rc4 15. Qe2 O-O 16. Nd5 Bxd5 17. exd5 Rc8 18. Ne3 {½-½ (85) Jones,G (2679)-Le,Q (2713) chess.com INT 2020}) 12... Be7 13. Nh2 O-O 14. Nf1 Rc8 15. Ne3 Qc7 16. Bd2 Rfd8 17. Rac1 b5 18. Be1 Qb7 19. Rb1 Bc4 20. Nxc4 Rxc4 21. f3 d5 22. exd5 Bc5+ 23. Bf2 (23. Kh1 $11) 23... Bxf2+ $15 24. Kxf2 Qb6+ 25. Kg3 Rd4 {[%mdl 1024] Black has compensation.} 26. Qf5 (26. Qe2 $1 $15) 26... Qc7 27. Kf2 Qb6 28. Kg3 Qc7 29. Kf2 $1 Qb6 {[#] ( -> ...Rd2+!)} 30. Kg3 {Weighted Error Value: White=0.13/Black=0.24} 1/2-1/2

[Event "XXVII RUS-chT Premier 2020"]
[Site "Sochi"]
[Date "2020.11.23"]
[Round "5.30"]
[White "Faizrakhmanov, Ramil"]
[Black "Grachev, Boris"]
[Result "1/2-1/2"]
[WhiteElo "2450"]
[BlackElo "2612"]
[Annotator "TA"]
[PlyCount "91"]
[EventDate "2020.11.19"]
[EventType "team-tourn"]
[EventCountry "RUS"]
[SourceTitle "playchess.com"]
[Source "ChessBase"]
[SourceQuality "1"]

{[%evp 23,91,0,0,0,0,0,25,23,38,0,0,0,0,2,0,7,41,4,0,3,0,0,0,-61,0,0,0,0,0,-2,12,0,8,8,10,0,0,0,0,0,0,0,6,6,4,6,1,0,3,0,0,0,3,3,3,0,0,0,0,0,0,0,0,0,0,0,0,0,0,0]} 1. d4 d5 2. c4 c6 3. Nc3 Nf6 4. e3 e6 5. Nf3 Nbd7 6. Qc2 Bd6 7. b3 O-O 8. Be2 b6 9. O-O Bb7 10. Bb2 Qe7 11. Rad1 Rad8 12. Rfe1 Rfe8 13. g3 {D45: Semi-Slav: 5 e3.} Bb4 14. a3 Bd6 ({Much weaker is} 14... Bxa3 $6 15. Bxa3 Qxa3 16. Ra1 $16) 15. b4 {[#] White has an edge.} c5 $146 ({Predecessor:} 15... dxc4 16. e4 e5 17. Bxc4 exd4 18. Nxd4 Ne5 19. Nf5 Nf3+ 20. Kh1 Qf8 21. Re3 Ne5 {½-½ (54) Maghsoodloo,P (2671)-Saric,I (2694) Malmo 2019}) 16. bxc5 bxc5 17. cxd5 exd5 18. dxc5 Bxc5 19. Nd4 g6 20. Na4 Bxa3 21. Bxa3 Qxa3 22. Nb5 Qe7 23. Nxa7 (23. Qc7 $11 Ne5 24. Nc5) 23... Ra8 (23... Ne4 $15 24. Nb5 Rc8) 24. Nb5 $1 $11 {The position is equal.} Rec8 25. Nac3 Ne5 26. Qb3 Rc4 27. Rd4 ({Wrong is} 27. Bxc4 $2 dxc4 28. Qb2 Nf3+ 29. Kf1 Nxh2+ 30. Ke2 Bf3+ 31. Kd2 Bxd1 $19) 27... Rxd4 28. Nxd4 Ra3 29. Qc2 Ne4 30. Ncb5 Ra8 31. Qc7 Qxc7 32. Nxc7 Rc8 33. Ncb5 Ba6 34. Ra1 Bxb5 35. Bxb5 Rb8 36. Be2 Rb2 37. Rc1 Kg7 38. Rc7 h5 39. h3 Nc4 40. Ne6+ Kg8 41. Nd4 Ncd6 42. Rc2 Rxc2 43. Nxc2 Nc3 44. Bf3 Ndb5 45. Kf1 Kg7 46. Be2 {A rather calm draw.  Weighted Error Value: White=0.08/Black=0.07} 1/2-1/2

[Event "XXVII RUS-chT Premier 2020"]
[Site "Sochi"]
[Date "2020.11.25"]
[Round "6.1"]
[White "Vitiugov, Nikita"]
[Black "Artemiev, Vladislav"]
[Result "1/2-1/2"]
[WhiteElo "2722"]
[BlackElo "2708"]
[Annotator "TA"]
[PlyCount "86"]
[EventDate "2020.11.19"]
[EventType "team-tourn"]
[EventCountry "RUS"]
[SourceTitle "playchess.com"]
[Source "ChessBase"]
[SourceQuality "1"]

{[%evp 11,86,29,35,34,36,16,31,7,55,31,43,39,69,12,62,66,63,67,67,55,66,56,70,66,66,63,61,62,78,83,58,18,22,25,43,28,32,0,0,0,6,0,0,0,0,0,0,0,0,0,0,0,0,0,0,0,0,0,0,0,0,0,0,0,0,0,0,0,0,0,0,0,0,0,0,0,0]} 1. e4 e5 2. Nf3 Nc6 3. Bb5 f5 4. d3 fxe4 5. dxe4 Nf6 6. O-O d6 $1 {[%mdl 4] is recently more successful than 6...Bc5.} 7. Bc4 {C63: Ruy Lopez: Schliemann/Jaenisch Defence.} Bg4 8. h3 Bh5 $1 9. Nc3 {White is slightly better.} Be7 10. a3 Qd7 11. Qd3 Rf8 {[#]} 12. Re1 $146 (12. b4 $14) ({Predecessor:} 12. Ne2 h6 13. Ng3 g5 14. Nf5 O-O-O 15. Nxh6 Nh7 16. Nh2 Nd4 17. f3 c6 18. c3 {1-0 (76) Milu,R (2418)-De Val,D (2166) Kostrena 2003}) 12... a6 13. b4 h6 14. Nh4 Bf7 15. Nf5 Bxc4 16. Qxc4 Rf7 17. Nd5 Kf8 18. Be3 Qe6 19. b5 ({Reject} 19. Nfxe7 Nxe7 20. Rad1 Nfxd5 $11) 19... axb5 20. Qxb5 Qc8 21. Nxf6 Bxf6 22. Reb1 Na5 23. c4 (23. Qd5 {is more complex.} Qd8 24. a4 b6 25. Bd2 Qe8 26. Bxa5 Rxa5 27. Rb5) 23... Qe6 24. Qd5 (24. Bd2 $5 {[%cal Rd2a5]} b6 25. Bxa5 Rxa5 26. Qxa5 bxa5 27. Rb8+ Qe8 28. Rxe8+ Kxe8 29. Rd1 $14) 24... Qxd5 {The position is equal.} 25. cxd5 b6 26. Bd2 h5 27. Bxa5 Rxa5 28. a4 Bg5 29. h4 Bf4 30. g3 g6 31. Nxd6 cxd6 32. gxf4 Rxf4 {[%mdl 64] [#] Double Attack} 33. Rxb6 $11 {[%mdl 4096] Endgame KRR-KRR} Rg4+ 34. Kf1 Rxh4 {Hoping for ...Rh1+.} 35. Ra3 Rxe4 36. Rxd6 Raxa4 37. Rxa4 Rxa4 38. Rxg6 {KR-KR} Rd4 39. Rg5 Rxd5 40. Rxh5 Ke7 41. f4 Ke6 42. Rxe5+ Rxe5 43. fxe5 Kxe5 {Weighted Error Value: White=0.07/Black=0.05} 1/2-1/2

[Event "XXVII RUS-chT Premier 2020"]
[Site "Sochi"]
[Date "2020.11.25"]
[Round "6.2"]
[White "Timofeev, Artyom"]
[Black "Matlakov, Maxim"]
[Result "1/2-1/2"]
[WhiteElo "2585"]
[BlackElo "2685"]
[Annotator "TA"]
[PlyCount "102"]
[EventDate "2020.11.19"]
[EventType "team-tourn"]
[EventCountry "RUS"]
[SourceTitle "playchess.com"]
[Source "ChessBase"]
[SourceQuality "1"]

{[%evp 23,102,-17,0,-23,-16,-19,-20,-22,-14,-20,-20,-16,-32,-35,-18,-25,-41,-40,-27,-30,-23,-26,-18,-33,-20,-31,-18,-54,-51,-63,-58,-53,-44,-56,-46,-74,-65,-85,-72,-87,0,-86,-41,-45,-41,-41,-35,-42,-1,-17,-17,-37,-17,-17,0,0,-7,-6,-11,-78,-54,-68,-17,-17,-17,-17,0,0,0,0,0,0,0,0,0,0,0,0,0,0,0]} 1. e4 c5 2. Nc3 d6 3. g3 g6 4. Bg2 Bg7 5. d3 Nc6 6. Nf3 Rb8 7. a4 Nf6 8. O-O O-O 9. h3 a6 10. Be3 b5 11. axb5 axb5 12. Qd2 b4 13. Nd5 {B25: Closed Sicilian: 3 g3, lines without early Be3.} Nd7 {[#]} 14. c3 $146 ({Predecessor:} 14. Bh6 Bxb2 15. Bxf8 Qxf8 16. Ra2 Bg7 17. Nf4 Bc3 18. Qe3 Nde5 19. Nd2 Qh6 20. Nf3 Nxf3+ 21. Qxf3 {0-1 (50) Bailey,S (2156)-Rawlings,A (2317) ICCF email 2018}) 14... e6 15. Nf4 Nf6 16. Ne2 Bb7 17. Bh6 bxc3 18. bxc3 c4 {...cxd3 is the strong threat.} 19. Bxg7 Kxg7 20. Qe3 cxd3 21. Nf4 Qc7 22. Nxd3 Rfc8 23. Nd2 Nd7 24. Rfc1 Nce5 25. c4 Nxd3 26. Qxd3 Nc5 27. Qe3 Bc6 28. h4 h5 29. Rd1 e5 30. Rdb1 Bd7 31. Bf1 Bc6 32. Bg2 Ra8 33. Nb3 Bd7 34. Nxc5 dxc5 35. Kh2 Rd8 36. Rxa8 Rxa8 37. Bh3 {Threatening Bxd7.} Bxh3 38. Kxh3 $15 {[%mdl 4096] Endgame KQR-KQR} Rd8 39. Kg2 Rd4 40. Qe2 Qc6 41. Re1 (41. Rb5 $1 $11) 41... Qd7 42. Rb1 Qe6 (42... Qg4 $15 43. f3 Qd7) 43. Rb5 $1 $11 {The position is equal.} Rxc4 44. Qa2 Rc3 45. Qxe6 fxe6 {KR-KR} 46. Rb7+ Kf6 47. Rc7 c4 48. Kf1 Rc2 49. Kg2 c3 50. Kf3 Rc1 51. Ke2 Rc2+ {Weighted Error Value: White=0.08/Black=0.13} 1/2-1/2

[Event "XXVII RUS-chT Premier 2020"]
[Site "Sochi"]
[Date "2020.11.25"]
[Round "6.3"]
[White "Fedoseev, Vladimir"]
[Black "Gaifullin, Artur"]
[Result "1-0"]
[WhiteElo "2676"]
[BlackElo "2460"]
[Annotator "TA"]
[PlyCount "101"]
[EventDate "2020.11.19"]
[EventType "team-tourn"]
[EventCountry "RUS"]
[SourceTitle "playchess.com"]
[Source "ChessBase"]
[SourceQuality "1"]

{[%evp 9,101,-1,20,12,19,-9,0,-11,-19,-14,-18,-5,0,-18,0,0,0,0,0,0,79,91,71,80,85,78,96,84,112,0,0,0,0,0,0,-57,-48,-60,-86,-52,-59,-64,-98,-57,0,0,20,0,0,0,33,22,75,75,78,83,85,85,95,61,85,60,79,75,85,60,61,64,147,77,89,93,130,59,62,55,203,209,235,214,235,231,256,237,333,292,300,234,902,761,5575,5097,29982,29983]} 1. Nf3 Nf6 2. d4 e6 3. Bf4 c5 4. e3 Nc6 5. c3 Nh5 6. Bg5 {A46: 1 d4 Nf6 2 Nf3 e6: Torre, London and Colle Systems.} Qb6 7. Na3 d5 {[#]} 8. Rb1 $146 {The position is equal.} ({Predecessor:} 8. Qb3 h6 9. Bh4 g5 10. Bg3 Nxg3 11. hxg3 Bg7 12. Be2 Bd7 13. O-O g4 14. Qxb6 axb6 {0-1 (64) Palchun,G (2336)-Alekseev,E (2636) St Petersburg 2016}) 8... h6 9. Bh4 g5 10. Nd2 cxd4 11. Qxh5 {Black must now prevent Bxg5.} dxe3 12. Ndc4 $1 {[%cal Rc4b6]} dxc4 13. Nxc4 Qc5 14. Bg3 $1 e5 (14... Qf5 $11 15. Rd1 exf2+ 16. Bxf2 g4 17. Qxf5 exf5) 15. Nxe3 Be6 16. Rd1 Bg7 17. h4 Rd8 18. Bd3 Qe7 19. hxg5 (19. Nf5 $16 Bxf5 20. Bxf5) 19... hxg5 $11 20. Qxh8+ Bxh8 21. Rxh8+ Kd7 22. Be2+ (22. Bb1+ $11 Kc8 23. Rhxd8+ Nxd8 24. Bxe5) 22... Kc8 $1 $15 23. Rdxd8+ Nxd8 24. Bxe5 f6 25. Bg3 Qg7 $1 {[%cal Rg7h8]} 26. Rh1 Nc6 (26... Qf7 $15) 27. Bd3 $1 $36 {[%mdl 2048] White has some pressure.} Ne5 28. Bxe5 fxe5 29. Rh7 Qf8 30. Be4 Bd7 (30... Qe8 $11 {keeps the balance.}) 31. Bxb7+ $1 $16 {[%mdl 64] Deflection} Kxb7 32. Rxd7+ {[%mdl 4096] Endgame KQ-KRN} Kb8 33. Rd5 Qf4 34. Rb5+ Kc8 35. Rb4 Qf7 36. a3 Qh7 37. Ke2 Qb1 38. Kf3 Qh7 ({Better is} 38... Qa1 $14) 39. a4 (39. Re4 $142) 39... Qh5+ 40. Kg3 Qe2 41. a5 ({White should play} 41. Rc4+ $16 Kb7 42. Rg4) 41... Kd7 $14 42. Rb7+ Ke6 {Black cannot hold the game after this.} (42... Kc8 $1 $14 43. Rb4 (43. Rxa7 Qxb2 44. a6 Qxc3 $14) 43... Kd7) 43. Rxa7 $18 Qxb2 44. a6 {[%cal Ba5a6,Ba6a7][%mdl 32] Threatens to win with Ra8.} e4 {[#] Hoping for ...Qb8+.} 45. Rh7 $1 {[%cal Rh7h6]} Qxc3 46. a7 Qa3 (46... Qc8 {might work better.} 47. Rh6+ Ke5) 47. Kh2 {Rh6+ is the strong threat.} Qf8 48. Kg1 Kd6 $2 (48... Qa3 49. Kh1 Qa1+ 50. Kh2 Kf6) 49. Nc4+ Kc5 50. Rc7+ Kb5 {[#]} 51. Rc8 $1 {[%mdl 512] Weighted Error Value: White=0.16/Black=0.43} 1-0

[Event "XXVII RUS-chT Premier 2020"]
[Site "Sochi"]
[Date "2020.11.25"]
[Round "6.4"]
[White "Makhmutov, Rail"]
[Black "Sakaev, Konstantin"]
[Result "1/2-1/2"]
[WhiteElo "2442"]
[BlackElo "2612"]
[Annotator "TA"]
[PlyCount "84"]
[EventDate "2020.11.19"]
[EventType "team-tourn"]
[EventCountry "RUS"]
[SourceTitle "playchess.com"]
[Source "ChessBase"]
[SourceQuality "1"]

{[%evp 9,84,0,4,7,18,16,22,22,14,19,17,20,20,16,18,15,23,3,12,0,2,0,25,4,10,0,0,0,4,-6,-12,-45,-16,-35,-11,-26,0,0,0,0,6,-11,-16,-16,-16,-22,0,-37,-41,-36,-38,-35,-26,-49,-32,-55,-58,-129,-120,-123,-117,-128,-125,-155,-153,-157,0,-153,-139,-239,-116,-109,-97,-96,-92,-104,-58]} 1. d4 d5 2. c4 c6 3. Nf3 Nf6 4. Nbd2 Bf5 5. Nh4 Be4 6. Qb3 {D11: Slav Defence: 3 Nf3 sidelines and 3...Nf6 4 e3 Bg4.} Qb6 7. f3 Bg6 8. cxd5 {The position is equal.} cxd5 9. Qxb6 axb6 10. Nxg6 hxg6 11. e3 Nc6 12. Kf2 e6 {[#]} 13. Nb3 $146 ({Predecessor:} 13. Bb5 Bd6 14. h3 Ke7 15. Nb3 Na5 16. Nxa5 bxa5 17. Bd2 Bb4 18. Bc3 Rhc8 19. Rhc1 Bxc3 20. bxc3 {½-½ (54) Anton Guijarro,D (2654)-Mamedov,N (2589) Kocaeli 2017}) 13... Be7 14. a3 Kd7 15. Bd2 Ne8 16. Be2 Nd6 17. Rac1 f5 18. h3 g5 19. Rhe1 Bf6 20. Bc3 f4 21. Bf1 Ra4 22. Rcd1 fxe3+ 23. Rxe3 Nf5 24. Red3 Rh4 25. g3 Rh8 26. R3d2 Be7 27. Nc1 Bf6 {[%cal Rf5d4]} 28. Ne2 Rc8 29. Rd3 Ke7 30. Kg2 Kf7 31. Kf2 b5 32. g4 Nd6 33. Be1 ({White should play} 33. Kg3 $15) 33... b4 $17 34. axb4 Nxb4 35. Rc3 {Black must now prevent Rxc8.} Nc6 36. Rcd3 Ra2 37. Rb3 {[#]} Ra4 $2 (37... b5 $1 $17 38. Nc3 Bxd4+ 39. Rxd4 Nxd4) 38. Bc3 $2 (38. Rbd3 $1 $11) 38... Rca8 39. Ke3 {[#]} (39. Bd2 $17 {was worth a try.}) 39... Ra1 (39... b5 $1 $19 {has better winning chances. Hoping for ...b4.} 40. Kf2 b4) 40. Rxa1 {Black is better.} Rxa1 41. Ng3 Rd1 {[%cal Rc6d4]} 42. Bd3 {[#]} b5 $1 {[%mdl 512] Weighted Error Value: White=0.21/Black=0.15} 1/2-1/2

[Event "XXVII RUS-chT Premier 2020"]
[Site "Sochi"]
[Date "2020.11.25"]
[Round "6.5"]
[White "Ponkratov, Pavel"]
[Black "Samusenko, Maksim"]
[Result "1-0"]
[WhiteElo "2625"]
[BlackElo "2466"]
[Annotator "TA"]
[PlyCount "135"]
[EventDate "2020.11.19"]
[EventType "team-tourn"]
[EventCountry "RUS"]
[SourceTitle "playchess.com"]
[Source "ChessBase"]
[SourceQuality "1"]

{[%evp 31,135,16,18,18,13,16,22,0,0,0,0,0,0,0,0,0,0,0,5,4,25,25,31,29,29,29,44,44,58,58,58,58,58,45,69,30,68,68,69,69,69,69,69,69,69,69,69,69,69,69,69,68,77,77,77,77,76,76,77,74,107,107,255,206,195,116,115,116,122,122,129,87,87,85,84,84,84,83,95,92,219,83,83,87,603,605,605,603,570,625,625,603,547,495,796,664,1896,1696,1972,1922,29967,29968,29979,29979,29973,29974]} 1. e4 c5 2. Nf3 Nc6 3. d4 cxd4 4. Nxd4 Nf6 5. Nc3 e5 6. Ndb5 d6 7. Bg5 a6 8. Na3 b5 9. Nd5 Be7 10. Bxf6 Bxf6 11. c3 Bg5 12. Nc2 Rb8 13. Be2 O-O 14. O-O a5 15. b4 Be6 16. a4 bxa4 17. Rxa4 {B33: Sicilian: Pelikan and Sveshnikov Variations.} axb4 18. Ncxb4 Qd7 19. Ra6 {The position is equal.} (19. Bc4 {seems wilder.} Nxb4 20. Rxb4 Qa7 21. Qd3 Rfc8 22. g3) 19... Nxb4 20. cxb4 Bxd5 21. Qxd5 Rxb4 22. Rxd6 Qb7 {[#]} 23. Bc4 $146 ({Predecessor:} 23. Qxb7) 23... Qxd5 24. Bxd5 Rd8 25. Ra6 Kh8 26. g3 f5 27. h4 Bf6 28. Re1 h6 29. Re2 Be7 30. Re6 Bf6 31. Kg2 Rd4 32. Ra6 Rb4 33. Ba8 fxe4 34. Bxe4 Rbd4 35. Kh3 Rd2 36. Rxd2 Rxd2 $14 {[%mdl 4096] Endgame KRB-KRB} 37. Re6 {[%cal Re6e8]} Kg8 38. Bg6 {[%cal Re6e8]} Rd8 39. Kg4 Rf8 40. f3 Rb8 41. Kh5 Kf8 42. g4 Rc8 43. g5 hxg5 44. hxg5 Be7 45. Be4 Rd8 46. Rxe5 Rd6 {[#]} (46... Ba3 $16 47. Bg6 Bb2) 47. Bg6 $1 $18 Rd1 {[#]} 48. Bc2 (48. Rf5+ $1 $18 Bf6 49. f4 (49. gxf6 Rh1+ 50. Kg5 Rg1+ 51. Kh4 Rh1+ 52. Kg5 Rg1+ 53. Kf4 Rxg6 $11)) 48... Rd6 $16 49. Rf5+ Ke8 50. Ba4+ Kd8 {White must now prevent ...g6+.} 51. Rf7 g6+ 52. Kh6 {Threatens to win with Bc2.} Rd5 53. f4 ({But not} 53. Kxg6 Rxg5+ 54. Kh6 Rg8 $11) 53... Rd4 54. Bc6 Rc4 55. Bd5 ({Much worse is} 55. Kxg6 Rxc6+ 56. Kh7 Rc5 $11) 55... Rd4 56. Be6 Re4 57. Bh3 Re3 $2 {[%mdl 8192]} (57... Ba3 $16) 58. Bg4 $18 Rg3 59. Be6 Re3 60. Bd5 Rd3 61. Be4 {[%mdl 64] Double Attack. Cut Off at move 61} Rd4 62. Bxg6 Bd6 (62... Ba3 $142 63. f5 Bc1) 63. f5 Rg4 {intending ...Bf4.} 64. Bh5 Rh4 65. f6 Bf4 66. Rg7 {White mates.} Rh1 67. Rg8+ Kd7 68. f7 {Weighted Error Value: White=0.05/Black=0.25} 1-0

[Event "XXVII RUS-chT Premier 2020"]
[Site "Sochi"]
[Date "2020.11.25"]
[Round "6.6"]
[White "Faizrakhmanov, Ramil"]
[Black "Goganov, Aleksey"]
[Result "1-0"]
[WhiteElo "2450"]
[BlackElo "2602"]
[Annotator "TA"]
[PlyCount "103"]
[EventDate "2020.11.19"]
[EventType "team-tourn"]
[EventCountry "RUS"]
[SourceTitle "playchess.com"]
[Source "ChessBase"]
[SourceQuality "1"]

{[%evp 11,103,23,20,12,16,12,20,19,24,14,26,8,20,15,25,27,60,20,68,19,75,68,71,77,72,81,76,77,85,77,100,87,89,97,173,161,166,141,196,204,204,206,206,202,208,194,218,166,233,233,233,233,227,216,257,258,246,170,171,169,170,143,151,0,170,133,133,133,206,189,199,189,195,178,643,626,610,582,653,520,519,508,703,689,785,781,779,785,790,775,4910,1204,959,937]} 1. d4 Nf6 2. c4 e6 3. Nf3 d5 4. Nc3 Nbd7 5. Bf4 dxc4 6. e3 Nb6 7. Bxc4 {[%mdl 64] Decoy. D37: Queen's Gambit Declined: 5 Bf4.} Nxc4 8. Qa4+ {[%mdl 64] Double Attack} c6 {8...Bd7 is vanishing.} 9. Qxc4 {The position is equal.} Nd5 10. Bg3 Qb6 11. Qe2 Nxc3 12. bxc3 Qb5 {[#]} 13. a4 $146 ({Predecessor:} 13. c4 Qa5+ 14. Kf1 Be7 15. h4 O-O 16. h5 f6 17. Kg1 b6 {½-½ (17) Adhiban,B (2646)-Zvjaginsev,V (2658) Moscow 2015}) 13... Qxe2+ 14. Kxe2 Be7 15. Rhb1 f6 (15... b6 $11) 16. a5 $16 Kf7 17. Nd2 c5 18. Ne4 cxd4 19. cxd4 Rd8 20. f3 Ke8 21. Rb2 Rd5 22. Nc3 Rd7 (22... Rd8 $16) 23. Nb5 $1 $18 Bd8 24. Rc2 Rd5 (24... Ke7 $16 {is a better defense.} 25. e4 a6) 25. Nd6+ $1 Kd7 26. Rac1 $1 {[%cal Rd6c8]} (26. Nxc8 Rxc8 27. Rb2 b6 $14) 26... Rxd6 27. Bxd6 Bxa5 28. Bc7 Bb4 29. Ra1 a5 (29... b5 $142 30. Bb6 Bd6 31. Rxa7+ Rxa7 32. Bxa7 Bxh2) 30. Bb6 Ra6 31. Bc5 Bxc5 32. dxc5 {[%mdl 4096] Endgame KRR-KRB} ({Don't do} 32. Rxc5 $6 b6 $16) 32... Kc6 33. Rca2 Kb5 34. Rb2+ Kc6 35. Rd2 Ra8 36. Rda2 Kb5 37. Rd2 Kc6 $1 38. e4 e5 39. Ke3 a4 (39... Bd7 $16 40. Rad1 Bc8 41. Rd6+ Kc7) 40. Rd8 a3 41. Rd3 a2 {[#]} 42. Rd2 $1 Be6 $2 (42... Kxc5 43. Rdxa2 (43. Raxa2 Rxa2 44. Rxa2 Kd6 $16) 43... Rxa2 44. Rxa2 Kd6) 43. Rd6+ {[%mdl 64] Double Attack. White is clearly winning.} Kxc5 44. Rxe6 b5 {intending ...Kc4.} 45. Kd3 Kb4 {[#]} 46. Rb6 $1 Ra3+ 47. Kc2 Rc3+ 48. Kb2 Re3 49. Rc6 ({Weaker is} 49. Rxa2 Re2+ 50. Kb1 Re1+ 51. Kc2 Re2+ 52. Kb1 Re1+ 53. Kc2 Re2+ {[%mdl 64] Double Attack} 54. Kb1 $11) 49... Re2+ 50. Rc2 Rxc2+ 51. Kxc2 Ka3 52. Rd1 {Weighted Error Value: White=0.15/Black=0.31} 1-0

[Event "XXVII RUS-chT Premier 2020"]
[Site "Sochi"]
[Date "2020.11.25"]
[Round "6.7"]
[White "Demchenko, Anton"]
[Black "Najer, Evgeniy"]
[Result "1/2-1/2"]
[WhiteElo "2626"]
[BlackElo "2648"]
[Annotator "TA"]
[PlyCount "130"]
[EventDate "2020.11.19"]
[EventType "team-tourn"]
[EventCountry "RUS"]
[SourceTitle "playchess.com"]
[Source "ChessBase"]
[SourceQuality "1"]

{[%evp 10,130,18,29,27,25,22,15,21,26,22,15,22,19,33,11,15,15,15,14,14,14,8,7,16,0,0,-14,0,-30,-19,-20,-10,-20,-18,-31,0,0,23,0,0,0,0,0,0,0,0,0,34,34,35,39,40,27,31,25,26,20,29,0,0,0,0,-72,-83,-100,-110,-125,-41,-49,-49,-56,-53,-85,0,-12,0,0,0,-33,-33,-98,-37,-40,-25,-41,-32,-27,-33,-33,-59,-63,-49,-48,0,0,0,0,0,0,0,0,0,0,0,0,0,0,0,0,0,0,0,0,0,0,0,0,0,0,0,0,0]} 1. e4 e5 2. Nf3 Nc6 3. Bc4 Bc5 4. d3 Nf6 5. Bg5 h6 6. Bh4 Be7 {C50: Hungarian Defence and Giuoco Pianissimo.} 7. Bg3 d6 8. a4 O-O 9. h3 Nh7 10. O-O Ng5 11. Nbd2 Be6 {[#]} 12. Nxg5 $146 ({Predecessor:} 12. c3 Qd7 13. Re1 Rad8 14. b4 Nxf3+ 15. Nxf3 Bxc4 16. dxc4 a5 17. b5 Nb8 18. c5 {½-½ (41) Sargissian,G (2650)-Koksal,E (2405) Minsk 2017}) 12... Bxg5 13. Bxe6 fxe6 14. Nf3 Bf4 15. Bxf4 Rxf4 16. c3 Qe7 17. g3 Rf7 18. b4 Raf8 19. Nh2 a5 20. b5 Nb8 21. Ra2 Nd7 22. Re1 Kh7 23. Re3 Rf6 24. d4 Qf7 {[%cal Rf6f2]} 25. Ng4 Rf3 26. Rxf3 Qxf3 27. Qxf3 Rxf3 $11 {[%mdl 4096] Endgame KRN-KRN} 28. Ne3 exd4 29. cxd4 Nb6 30. Rc2 Rf7 31. Nc4 Nxc4 32. Rxc4 {KR-KR} g5 33. Rc3 Kg6 34. Kf1 h5 35. Ke2 g4 36. f4 (36. b6 $11 c6 37. hxg4) 36... gxh3 $17 37. Kf3 {[#]} c6 $1 {[%mdl 512]} 38. b6 (38. bxc6 bxc6) 38... Rf8 ({Black should play} 38... Rh7 $17 39. Rd3 h4) 39. Rc2 Ra8 40. Rh2 Ra6 41. Rb2 c5 (41... d5 $17 42. exd5 cxd5) 42. e5 $11 c4 {aiming for ...dxe5.} 43. exd6 Kf6 44. Rb5 c3 45. d5 ({Don't play} 45. Rxh5 Rxb6 46. Rh6+ Kf7 $17) (45. Rb3 $15) 45... h2 (45... e5 $17 46. fxe5+ Kxe5) 46. Kg2 $15 {[#]} Rxb6 $1 {[%mdl 512]} 47. d7 $1 {[%cal Rd7d8]} (47. Rxb6 $2 {too greedy.} c2 $19) 47... Rd6 48. dxe6 Kxe6 49. Rc5 Rd2+ 50. Kh1 Kxd7 {White must now prevent ...c2.} 51. Rxc3 Rb2 52. Rc5 {The position is equal.} b5 53. Rxh5 ({But not} 53. Rxb5 $2 Rxb5 54. axb5 a4 $19) 53... bxa4 {Hoping for ...a3.} 54. Rxa5 Ra2 55. g4 a3 56. g5 Rf2 {Strongly threatening ...a2.} 57. Rxa3 Rxf4 58. Kxh2 Rg4 59. Ra5 (59. g6 {is more complex.} Ke6 60. Ra6+ Kf5 61. Ra5+ Kxg6 62. Ra6+) 59... Ke6 60. Kh3 (60. g6 $5) 60... Rb4 61. Kg3 Kf7 62. Ra6 Kg7 63. Rf6 Ra4 64. Rf4 Rxf4 65. Kxf4 Kg6 {Weighted Error Value: White=0.07/Black=0.09} 1/2-1/2